Statistics for Helsinki Regional Train Stations

Click here to take the quiz!

General Stats

  • This quiz has been taken 313 times
  • The average score is 32 of 54

Answer Stats

Line(s)Station% Correct
Y, X, U, L, E, A, P, I, K, N, T, D, R, ZPasila (Böle)
96%
Y, X, U, L, E, A, P, I, K, N, T, D, R, ZHelsinki Central Station
86%
I, P, K, N, T, D, R, ZTikkurila (Dickursby)
86%
U, L, EKera
83%
I, P, K, N, TMalmi (Malm)
81%
I, PLentoasema (Flygplatsen) (Airport)
80%
K, N, T, D, R, ZKerava (Kervo)
79%
I, P, N, TKäpylä (Kottby)
77%
Y, X, U, L, E, ALeppävaara (Alberga)
75%
I, P, K, N, TOulunkylä (Åggelby)
75%
Y, X, U, L, EEspoo (Esbo)
74%
Y, X, U, LKirkkonummi (Kyrkslätt)
72%
Y, X, U, L, E, A, I, PHuopalahti (Hoplax)
70%
L, A, I, PIlmala
70%
ZLahti (Lahtis)
70%
I, PMyyrmäki (Myrbacka)
69%
T, D, RRiihimäki
67%
T, D, RJärvenpää (Träskända)
66%
K, N, TKorso
65%
I, P, N, TTapanila (Mosabacka)
63%
U, L, EKilo
62%
I, P, N, TPukinmäki (Bocksbacka)
62%
I, P, K, N, THiekkaharju (Sandkulla)
61%
I, PAviapolis
60%
U, L, EKauniainen (Grankulla)
60%
I, P, K, N, TPuistola (Parkstad)
60%
I, PMalminkartano (Malmgård)
56%
K, N, TKoivukylä (Björkby)
55%
I, PKivistö
54%
L, APitäjänmäki (Sockenbacka)
54%
T, D, RHyvinkää (Hyvinge)
53%
I, PMartinlaakso (Mårtensdal)
53%
I, PPohjois-Haaga (Norra Haga)
53%
U, L, EKauklahti (Köklax)
52%
I, PKannelmäki (Gamlas)
51%
I, PLeinelä (Lejle)
51%
YSiuntio (Sjundeå)
50%
I, PVantaankoski (Vandaforsen)
50%
ZMäntsälä
48%
T, RJokela
46%
L, AMäkkylä
46%
L, AValimo (Gjuteriet)
46%
T, RAinola
45%
K, N, TSavio
44%
U, L, ETuomarila (Domsby)
44%
K, N, TRekola (Räckhals)
43%
Y, X, U, LMasala (Masaby)
42%
U, L, EKoivuhovi (Björkgård)
39%
I, PLouhela (Klippsta)
37%
ZHaarajoki
36%
U, LJorvas
34%
T, RSaunakallio
34%
U, LTolsa (Tolls)
33%
I, PVehkala (Veckals)
33%

Score Distribution

Percentile by Number Answered

Percent of People with Each Score

Your Score History

You have not taken this quiz